000 00460nam a2200181Ia 4500
005 20250423101720.0
008 250422s9999 xx 000 0 und d
020 _a1-56592-638-2
050 _aQA 76.76.O93 L69/
100 _aLowe-Norris, Alistair G.
245 0 _aWindows 2000 active directory
260 _aBeijing
260 _bO'Reilly & Associates, Inc.
260 _c2000
300 _a621 p
650 _aActive Directory overview
942 _cBK
999 _c37066
_d37066